000 00221nam a2200097Ia 4500
008 231221s9999 xx 000 0 und d
041 _aEnglish
245 0 _aOffice 2007.co.in
650 _aOffice,2007.co.in
942 _cCD
999 _c215838
_d215838